| 000 | 00555cab a2200229 4500 | ||
|---|---|---|---|
| 001 | ABS57019 | ||
| 008 | 090401t1997 xxu||||| |||| 00| 0 eng d | ||
| 035 | _a(Sirsi) u98385 | ||
| 041 | _aeng | ||
| 100 | _aLaing, S. | ||
| 245 | _aWall to wall | ||
| 260 | _c1997 | ||
| 350 | _a0 | ||
| 490 |
_aIRRV Insight _v(4) May 1997, 109-111(3) |
||
| 520 | _aA review of the Party Wall etc. Act 1996. | ||
| 650 | _aLEGISLATION | ||
| 650 | _aPARTY WALL ETC. ACT 1996 | ||
| 650 |
_aParty walls _96258 |
||
| 690 | _aLAW | ||
| 942 | _n0 | ||
| 948 | _c23/05/1997 | ||
| 999 |
_c59784 _d59784 |
||